000 00756nam a22002057a 4500
999 _c22512
_d22512
003 AR-CdUCM
008 190319b ||||| |||| 00| 0 spa d
020 _a9786124242182
040 _aMUNICIPALIDAD PROVINCIAL DEL CUSCO
_cBIBLIOTECA MUNICIPAL DEL CUSCO
082 _a616.123705/S18
_bS18
100 _aSalazar Cáceres, Pedro Martín
_948384
245 _aEl infarto al corazón :
_bqué sabemos y cómo prevenirlo /
_cPedro Marín Salazar C.
260 _aLima :
_bUniversidad Peruana Cayetano Heredia,
_c2020.
300 _a121 páginas. :
_bilustraciones en color ;
_c17 cm.
650 _aInfarto del miocardio
_948385
650 _aPrevención
_99797
710 _aUniversidad Peruana Cayetano Heredia
_948263
942 _2ddc
_cLIBROS
945 _arac